000 00715nam a22002295i 4500
001 48554
003 ES-MaACL
005 20230906161755.0
007 t|
008 950724s1895 it ||||1| ita d
040 _aCAM
_bspa
_cCAM
100 1 _aDe Sanctis, Francesco.
_943078
245 1 0 _aScritti critici /
_cdi Francesco De Sanctis; con prefazione e postille di Vittorio Imbriani.
250 _a5ยช ed.
260 _aNapoli :
_bCav. Antonio Morano,
_c1895.
300 _a[6], 121 p. ;
_c19 cm.
490 1 _aOpere di Francesco De Sanctis ;
_v9
700 1 _aImbriani, Vittorio.
_965216
830 0 _aOpere di Francesco De Sanctis ;
_v9
_9182243
852 _aES-MaACL
_jT-1232-F-8
999 _c48554
_d48554